[Event "Let's Play Chess!"]
[Site "http://www.queenalice.com/game.php?id=622985"]
[Date "2009.7.22"]
[Round "-"]
[White "countdooku"]
[Black "capmo"]
[Result "0-1"]
[WhiteElo "1774"]
[BlackElo "2002"]

1. e4 d5 2. exd5 Qxd5 3. Nc3 Qd6 4. d4 Nf6 5. Nf3 e6 6. Bb5+ Bd7 7. Bxd7+ Nbxd7
8. O-O Be7 9. Re1 O-O 10. Ne5 a6 11. Nxd7 Qxd7 12. Qf3 c6 13. Be3 Bb4 14. Rad1
Nd5 15. Bf4 Bxc3 16. bxc3 Nxf4 17. Qxf4 Qe7 18. Rb1 Qa3 19. Rxb7 Qxc3 20. Rc1
Qa5 21. Rc7 Qxa2 22. Rxc6 a5 23. h3 a4 24. c4 a3 25. Qe3 Qb2 26. Qc3 Rfb8 27.
Qxb2 axb2 28. Rb1 Ra1 29. Rxa1 bxa1=Q+ 0-1

[Event "Let's Play Chess!"]
[Site "http://www.queenalice.com/game.php?id=627791"]
[Date "2009.7.31"]
[Round "-"]
[White "capmo"]
[Black "RMadrigal"]
[Result "1/2-1/2"]
[WhiteElo "2012"]
[BlackElo "1807"]

1. e4 Nc6 2. d4 e5 3. d5 Nce7 4. c4 Nf6 5. Nc3 c6 6. d6 Ng6 7. c5 Qa5 8. Bc4
Qxc5 9. Qb3 Qxd6 10. Bxf7+ Kd8 11. Bxg6 hxg6 12. Nf3 Qe7 13. Ng5 Kc7 14. f3 Kb8
15. Bd2 d6 16. O-O-O Nh7 17. Nf7 Qxf7 18. Qxf7 Nf6 19. Qxg6 Bd7 20. Bg5 Be8 21.
Rxd6 Bxg6 22. Rd8+ Kc7 23. Rxa8 a6 24. Rd1 Bf7 25. Rdd8 Ne8 26. Rac8+ Kb6 27.
Be3+ Ka5 28. a3 Rxh2 29. b4+ Bxb4 30. axb4+ Kxb4 31. Bd2 Kc4 32. Nd5 Kb3 33. Ne3
Rh1+ 34. Nd1 Ka4 35. f4 Bh5 36. Be3 exf4 37. Bxf4 Kb5 38. g4 Bg6 39. e5 Rg1 40.
Be3 Rxg4 41. e6 Rc4+ 42. Kd2 Ka5 43. Rb8 Rc2+ 44. Ke1 Bh5 45. Rxb7 Re2+ 46. Kf1
Rc2 47. Bb6+ Ka4 48. Rd4+ Kb5 49. Ba7+ Ka5 50. Rbb4 Be2+ 51. Kg1 Bb5 52. Rb3 Ra2
53. Nc3 Ra1+ 54. Kf2 Rf1+ 55. Ke3 Ra1 56. Ra4+ Rxa4 57. Nxa4 Kxa4 58. Rc3 Nf6
59. Bc5 Bf1 60. Ra3+ Kb5 61. Kd4 Bc4 62. e7 Ne8 1/2-1/2

[Event "Let's Play Chess!"]
[Site "http://www.queenalice.com/game.php?id=629155"]
[Date "2009.8.2"]
[Round "-"]
[White "igorjava"]
[Black "capmo"]
[Result "0-1"]
[WhiteElo "1889"]
[BlackElo "2004"]

1. e4 d5 2. exd5 Qxd5 3. Nf3 Qe4+ 4. Be2 Qg6 5. g3 Bh3 6. d4 Bg2 7. Rg1 Bh3 8.
Ne5 Qd6 9. Bf3 c6 10. Nc3 Nd7 11. Bf4 Nxe5 12. Bxe5 Qb4 13. Rb1 O-O-O 14. a3 Qc4
15. Qd3 Qxd3 16. cxd3 f6 17. Bf4 Rxd4 18. Kd2 Bf5 19. Be4 Bxe4 20. Nxe4 e5 21.
Be3 Ra4 22. f4 exf4 23. Bxf4 Kd7 24. Nc3 Ra5 25. Rge1 g5 26. Be3 Nh6 27. Bd4 Be7
28. Rf1 Ng4 29. h3 Ne5 30. a4 Bb4 31. Rxf6 Re8 32. b3 Rd5 33. Bxe5 Rdxe5 34. Kc2
Rc5 35. d4 Rxc3+ 36. Kb2 Re2+ 37. Ka1 Rcc2 38. Rc1 Rxc1# 0-1

[Event "Let's Play Chess!"]
[Site "http://www.queenalice.com/game.php?id=629156"]
[Date "2009.8.2"]
[Round "-"]
[White "capmo"]
[Black "igorjava"]
[Result "1-0"]
[WhiteElo "2034"]
[BlackElo "1975"]

1. e4 c5 2. d4 cxd4 3. Nf3 Nc6 4. Nxd4 d6 5. Nxc6 bxc6 6. Bc4 Nf6 7. Nc3 Bg4 8.
f3 Bd7 9. O-O e6 10. Re1 Be7 11. b3 O-O 12. Bb2 d5 13. Bd3 Bb4 14. a3 Ba5 15. b4
Bb6+ 16. Kf1 dxe4 17. Nxe4 Nd5 18. Bc1 Bd4 19. Bd2 Bxa1 20. Qxa1 f6 21. Nc5 Qe7
22. Bf5 Nc7 23. Qa2 Rfe8 24. Bd3 Qf7 25. Re4 Bc8 26. Qc4 e5 27. Rh4 Qd5 28.
Bxh7+ Kf8 29. Qxd5 cxd5 30. Bg6 Rd8 31. Rh8+ Ke7 32. Rh7 Rg8 33. Bh6 Kf8 34. Be3
Ba6+ 35. Nxa6 Nxa6 36. b5 d4 37. Bd2 Ke7 38. bxa6 Ke6 39. f4 f5 40. Rh5 Rgf8 41.
g4 fxg4 42. Rxe5+ Kf6 43. Be4 Rab8 44. Bb7 Rh8 45. Kg2 Rbe8 46. Bb4 Rxe5 47.
fxe5+ Kxe5 48. Bc5 Rh3 49. Bxa7 Rxa3 50. Bb6 Ra2 51. Kf1 Rxc2 52. Bc7+ Rxc7 53.
a7 Rf7+ 54. Kg2 Rf8 55. a8=Q Rxa8 56. Bxa8 Kf4 57. Kf2 d3 58. Bg2 g6 59. Bf1 d2
60. Be2 g5 61. Kg2 g3 62. hxg3+ Ke3 63. Kf1 Ke4 64. Bd1 Ke3 65. Kg2 Ke4 66. Kf2
Kd3 67. Kf3 Kd4 68. Kg4 Ke3 69. Kxg5 Kf2 70. g4 Ke1 71. Ba4 d1=Q 72. Bxd1 Kxd1
73. Kf6 Ke2 74. g5 1-0

[Event "Let's Play Chess!"]
[Site "http://www.queenalice.com/game.php?id=639455"]
[Date "2009.8.20"]
[Round "-"]
[White "capmo"]
[Black "Abstro"]
[Result "1-0"]
[WhiteElo "1994"]
[BlackElo "1794"]

1. e4 e5 2. d4 exd4 3. Qxd4 Nc6 4. Qe3 Bd6 5. e5 Bb4+ 6. c3 Ba5 7. f4 Nge7 8.
Bd3 O-O 9. Ne2 d6 10. O-O dxe5 11. fxe5 Bb6 12. Nd4 Nxd4 13. Bxh7+ Kh8 14. Kh1
Nc2 15. Qe4 Nxa1 16. Bg5 g6 17. Bf6+ 1-0

[Event "Challenge"]
[Site "http://www.queenalice.com/game.php?id=642932"]
[Date "2009.8.27"]
[Round "-"]
[White "Abstro"]
[Black "capmo"]
[Result "0-1"]
[WhiteElo "1859"]
[BlackElo "1998"]

1. d4 d5 2. c4 e5 3. dxe5 d4 4. e3 Bb4+ 5. Bd2 dxe3 6. Qa4+ Nc6 7. Bxb4 exf2+ 8.
Kxf2 Qh4+ 9. Ke3 Qd4+ 10. Kf3 Bg4+ 11. Kg3 Nh6 12. Bd3 Qxe5+ 13. Kh4 g5# 0-1

[Event "Let's Play Chess!"]
[Site "http://www.queenalice.com/game.php?id=645777"]
[Date "2009.9.2"]
[Round "-"]
[White "kronsteen"]
[Black "capmo"]
[Result "1-0"]
[WhiteElo "2122"]
[BlackElo "2009"]

1. d4 d5 2. Nf3 Bf5 3. c4 e6 4. Nc3 c6 5. Qb3 Qb6 6. c5 Qxb3 7. axb3 Na6 8. Bf4
Nb4 9. Ra4 Nc2+ 10. Kd2 b5 11. cxb6 1-0

[Event "Let's Play Chess!"]
[Site "http://www.queenalice.com/game.php?id=647972"]
[Date "2009.9.6"]
[Round "-"]
[White "capmo"]
[Black "Abstro"]
[Result "1/2-1/2"]
[WhiteElo "1998"]
[BlackElo "1856"]

1. e4 e5 2. d4 exd4 3. Qxd4 Nc6 4. Qe3 Qe7 5. a3 d6 6. Nc3 Nf6 7. Nd5 Nxd5 8.
exd5 Qxe3+ 9. Bxe3 Ne5 10. f4 Nd7 11. O-O-O Nf6 12. Bb5+ Bd7 13. Bxd7+ Kxd7 14.
Nf3 Be7 15. Bd4 Nh5 16. g3 Rhg8 17. Ng5 Bxg5 18. fxg5 f5 19. Rhf1 g6 20. g4 fxg4
21. Rf7+ Kc8 22. Rxh7 Nf4 23. Bf6 Re8 24. Rh4 Ng2 25. Rxg4 Ne3 26. Re1 Kd7 27.
Rh4 Nxd5 28. Rxe8 Rxe8 29. Bc3 Re2 30. Bd2 Rg2 31. c4 Ne7 32. Rh7 Ke6 33. h4 c5
34. h5 gxh5 35. Rxh5 Kf5 36. Rh7 Ke6 37. Rh6+ Kd7 38. Rf6 a6 1/2-1/2

[Event "Let's Play Chess!"]
[Site "http://www.queenalice.com/game.php?id=648013"]
[Date "2009.9.6"]
[Round "-"]
[White "skorpion"]
[Black "capmo"]
[Result "1-0"]
[WhiteElo "2147"]
[BlackElo "2008"]

1. e4 d5 2. exd5 Qxd5 3. Nc3 Qa5 4. d4 e5 5. Nf3 e4 6. Ne5 Nf6 7. Bc4 Be6 8.
Bxe6 fxe6 9. O-O Bd6 10. Nc4 Qf5 11. f3 exf3 12. Rxf3 Qh5 13. Nxd6+ cxd6 14. Qe1
Kd7 15. Qg3 Qg6 16. d5 Qxg3 17. Rxg3 Rg8 18. dxe6+ Kxe6 19. Bf4 Nh5 20. Re3+ Kd7
21. Bxd6 Re8 22. Rxe8 Kxe8 23. Nb5 Na6 24. Re1+ Kd7 25. Re7+ Kc6 26. c4 Rd8 27.
Be5 Kc5 28. b3 Nb4 29. Nxa7 Nc6 30. Nxc6 bxc6 31. g4 Nf6 32. Rxg7 Ne4 33. Rxh7
Ng5 34. Rh5 Nf3+ 35. Kf2 Nxe5 36. Rxe5+ Kd4 37. Re2 1-0

[Event "Let's Play Chess!"]
[Site "http://www.queenalice.com/game.php?id=648268"]
[Date "2009.9.6"]
[Round "-"]
[White "WilsonFerreira"]
[Black "capmo"]
[Result "0-1"]
[WhiteElo "1990"]
[BlackElo "1994"]

1. e4 d5 2. e5 c5 3. c3 d4 4. cxd4 Qxd4 5. Nf3 Qe4+ 6. Be2 Qg6 7. Nc3 Qxg2 8.
Rg1 Qh3 9. Rg3 Qe6 10. d4 cxd4 11. Qxd4 Nc6 12. Qa4 Bd7 13. Be3 Nxe5 14. Qb3
Qxb3 15. axb3 Nc6 16. Nd5 O-O-O 17. Bxa7 Nxa7 18. Ne5 Be6 19. Rxa7 Bxd5 20. Ra8+
Kc7 21. Rxd8 Kxd8 22. Rd3 Nh6 23. Rxd5+ Kc8 24. Bb5 e6 25. Rd7 Bb4+ 26. Ke2 Rd8
27. Rxd8+ Kxd8 28. Kf3 Bd6 29. Nc4 Bxh2 30. Ne3 Be5 31. Nc4 Bd4 32. Ke4 Bxf2 0-1

[Event "Let's Play Chess!"]
[Site "http://www.queenalice.com/game.php?id=668786"]
[Date "2009.10.18"]
[Round "-"]
[White "BobySponja"]
[Black "capmo"]
[Result "0-1"]
[WhiteElo "1655"]
[BlackElo "2024"]

1. e4 d5 2. exd5 Qxd5 3. d4 Nc6 4. Be3 Bf5 5. Nc3 Qd7 6. a3 e6 7. Nf3 O-O-O 8.
Bb5 Nf6 9. Ne5 Qe8 10. Nxc6 bxc6 11. Ba6+ Kb8 12. Qe2 Ng4 13. Qc4 Ka8 14. b4 Rb8
15. d5 exd5 16. Qd4 Nxe3 17. fxe3 Bd6 18. Nxd5 f6 19. Nc3 Qe5 20. Qc4 Qxe3+ 21.
Ne2 Be4 22. a4 Rxb4 23. Qc3 Qb6 24. Bd3 Rb1+ 25. Kd2 Bb4 26. Raxb1 Bxc3+ 27.
Nxc3 Qf2+ 28. Ne2 Rd8 29. Rhf1 Qxg2 30. Rg1 Qh3 31. Rxg7 Qh6+ 0-1

[Event "Let's Play Chess!"]
[Site "http://www.queenalice.com/game.php?id=668790"]
[Date "2009.10.18"]
[Round "-"]
[White "capmo"]
[Black "BobySponja"]
[Result "1-0"]
[WhiteElo "2015"]
[BlackElo "1834"]

1. d4 d5 2. c4 dxc4 3. Nf3 Nf6 4. e3 e6 5. Bxc4 Be7 6. O-O c6 7. Nc3 Nbd7 8. Ne5
Nxe5 9. dxe5 Qxd1 10. Rxd1 O-O 11. exf6 Bxf6 12. Ne4 b5 13. Nxf6+ gxf6 14. Be2
Bb7 15. Rd7 Ba6 16. a4 Rfd8 17. Rc7 Rd6 18. Bf3 e5 19. h3 bxa4 20. Bxc6 Rd1+ 21.
Kh2 Bd3 22. Bxa8 1-0

[Event "Let's Play Chess!"]
[Site "http://www.queenalice.com/game.php?id=695367"]
[Date "2009.12.9"]
[Round "-"]
[White "capmo"]
[Black "BobySponja"]
[Result "1-0"]
[WhiteElo "2026"]
[BlackElo "1771"]

1. d4 d5 2. c4 e6 3. Nc3 dxc4 4. e3 Nf6 5. Bxc4 Be7 6. Nf3 Nc6 7. O-O Bd7 8. a3
a6 9. Ne5 Nxe5 10. dxe5 Ng8 11. Qe2 h5 12. Rd1 Nh6 13. Qxh5 Bc6 14. Rxd8+ 1-0

[Event "Let's Play Chess!"]
[Site "http://www.queenalice.com/game.php?id=695368"]
[Date "2009.12.9"]
[Round "-"]
[White "BobySponja"]
[Black "capmo"]
[Result "0-1"]
[WhiteElo "1692"]
[BlackElo "2032"]

1. e4 d5 2. exd5 Qxd5 3. Nf3 Bg4 4. d4 Nc6 5. Be3 Bxf3 6. gxf3 O-O-O 7. Nc3 Qa5
8. a3 Nf6 9. b4 Qh5 10. Be2 e5 11. d5 Nd4 12. Bxd4 exd4 13. Qxd4 Kb8 14. O-O-O
Bd6 15. Nb5 b6 16. c4 Be5 17. Qd3 c6 18. f4 Qh6 19. Kc2 Qxf4 20. Nc3 Bxc3 21.
Qxc3 Ne4 22. Qd4 Qf5 23. Bd3 Qxf2+ 24. Qxf2 Nxf2 0-1

[Event "Let's Play Chess!"]
[Site "http://www.queenalice.com/game.php?id=708395"]
[Date "2010.1.4"]
[Round "-"]
[White "capmo"]
[Black "francky78"]
[Result "0-1"]
[WhiteElo "1992"]
[BlackElo "1765"]

1. c4 c5 2. Nc3 Nc6 3. Nf3 e5 4. e4 Nf6 5. d3 d6 6. Be2 Be7 7. Nd5 Nxd5 8. cxd5
Nb8 9. O-O Nd7 10. Qa4 O-O 11. Bd2 Nb6 12. Qb3 Nd7 13. Bc3 Nb6 14. Ba5 f5 0-1

[Event "Let's Play Chess!"]
[Site "http://www.queenalice.com/game.php?id=708405"]
[Date "2010.1.4"]
[Round "-"]
[White "francky78"]
[Black "capmo"]
[Result "1-0"]
[WhiteElo "1738"]
[BlackElo "2019"]

1. e4 d5 2. exd5 Qxd5 3. Nc3 Qa5 4. g3 e5 5. Bg2 Nc6 6. Nge2 Nf6 7. O-O Nd4 8.
Nxd4 exd4 9. Re1+ Be7 10. Ne4 O-O 11. d3 Nxe4 12. Bxe4 Bg4 13. f3 Bb4 14. Rf1
Bc8 15. Bf4 1-0

[Event "Let's Play Chess!"]
[Site "http://www.queenalice.com/game.php?id=710051"]
[Date "2010.1.8"]
[Round "-"]
[White "capmo"]
[Black "TiagoAntunes"]
[Result "0-1"]
[WhiteElo "2052"]
[BlackElo "1951"]

1. e4 e5 2. d4 exd4 3. Qxd4 Nc6 4. Qe3 Nf6 5. Nc3 Bb4 6. Bd2 O-O 7. O-O-O Re8 8.
Bc4 Bxc3 9. Bxc3 Nxe4 10. Qf4 Re7 11. Bxf7+ Rxf7 12. Qxe4 d6 13. Nf3 Bf5 14. Qe2
Qd7 15. Ng5 Re7 16. Qc4+ Be6 17. Nxe6 Rxe6 18. Rhe1 Re8 19. Re4 Kh8 20. Rg4 Ne5
21. Bxe5 Rxe5 22. Qc3 Qxg4 23. g3 Qe6 24. b3 Re1 25. Rxe1 Qxe1+ 26. Qxe1 Rxe1+
0-1

[Event "Let's Play Chess!"]
[Site "http://www.queenalice.com/game.php?id=715674"]
[Date "2010.1.18"]
[Round "-"]
[White "capmo"]
[Black "drd123"]
[Result "0-1"]
[WhiteElo "2032"]
[BlackElo "2105"]

1. d4 Nf6 2. c4 g6 3. Nc3 Bg7 4. e4 d6 5. Nf3 O-O 6. Be2 c6 7. O-O Bg4 8. e5
dxe5 9. Nxe5 Bxe2 10. Nxe2 Nbd7 11. Nf3 Re8 12. Bf4 Nb6 13. b3 a5 14. a4 Nfd7
15. Nc3 c5 16. d5 Bxc3 17. Rc1 Bg7 18. Re1 Nc8 19. Rc2 Nd6 20. Rce2 Nf5 0-1